Central Library OPAC University of Rajshahi

The Virginians : (Record no. 20515)

MARC details
000 -LEADER
fixed length control field 01209cam a2200325u 4500
001 - CONTROL NUMBER
control field 20515
003 - CONTROL NUMBER IDENTIFIER
rucl marc code BD-RjUL
005 - DATE AND TIME OF LATEST TRANSACTION
control field 20211209000556.0
008 - FIXED-LENGTH DATA ELEMENTS--GENERAL INFORMATION
fixed length control field 140301s1925 nyu 000 0 eng d
035 ## - SYSTEM CONTROL NUMBER
System control number (BD-RjUL)20577
040 ## - CATALOGING SOURCE
Original cataloging agency DLC
Transcribing agency CarP
Modifying agency DLC
Language of cataloging eng
041 ## - LANGUAGE CODE
Language code of text/sound track or separate title eng
082 00 - DEWEY DECIMAL CLASSIFICATION NUMBER
Classification number 823
Author mark and year THV 1925
100 1# - MAIN ENTRY--PERSONAL NAME
Personal name Thackeray, William Makepeace,
Dates associated with a name 1811-1863.
9 (RLIN) 63275
245 14 - TITLE STATEMENT
Title The Virginians :
Remainder of title Designed to be Read as a Modern Novel /
Statement of responsibility, etc. William Makepeace, Thackeray
260 ## - PUBLICATION, DISTRIBUTION, ETC. (IMPRINT)
Place of publication, distribution, etc. London & Toronto ;
Name of publisher, distributor, etc. J. M. Dent & sons, ltd. :
Place of publication, distribution, etc. New York :
Name of publisher, distributor, etc. E. P. Dutton & co,
Date of publication, distribution, etc. 1925
300 ## - PHYSICAL DESCRIPTION
Pagination 345p. ;
Size 18 cm.
650 #0 - SUBJECT ADDED ENTRY--TOPICAL TERM
Topical term or geographic name as entry element Inheritance and succession
Form subdivision Fiction.
9 (RLIN) 42368
Topical term or geographic name as entry element Americans
Geographic subdivision England
Form subdivision Fiction.
9 (RLIN) 42429
Topical term or geographic name as entry element Brothers
Form subdivision Fiction.
9 (RLIN) 58463
Topical term or geographic name as entry element Twins
Form subdivision Fiction.
9 (RLIN) 63276
651 #0 - SUBJECT ADDED ENTRY--GEOGRAPHIC NAME
Geographic name United States
General subdivision History
Chronological subdivision French and Indian War, 1754-1763
Form subdivision Fiction.
9 (RLIN) 51518
Geographic name Virginia
General subdivision History
Chronological subdivision Revolution, 1775-1783
Form subdivision Fiction.
9 (RLIN) 63277
Geographic name Great Britain
General subdivision History
Chronological subdivision 18th century
Form subdivision Fiction.
9 (RLIN) 63278
942 ## - ADDED ENTRY ELEMENTS (KOHA)
Source of classification or shelving scheme Dewey Decimal Classification
Koha item type Books
Holdings
Lost status Source of classification or shelving scheme Damaged status Not for loan Collection code Permanent Location Current Location Shelving location Date acquired Source of acquisition Total Checkouts Full call number Date last seen Copy number Koha item type
  Dewey Decimal Classification   Added to bundle Fiction Central Library, University of Rajshahi Central Library, University of Rajshahi Reading Room 05/10/1955 Oxford university Gift   823 THV 1925 01/03/2014 C-1 Books